000 00325nam a2200133Ia 4500
008 240624s9999 xx 000 0 und d
041 _aeng
082 _a519.535 LUK
100 _aLUKE DOUGLAS A
245 _aMULTILEVEL MODELING
260 _c2007
_aLondon
_bSage Publications
300 _a79 : p. : cm. ; 25
365 _c
_b32
999 _c6301
_d6301